[Event "27th Keres Memorial 2018"]
[Site "Tallinn"]
[Date "2018.01.13"]
[Round "4"]
[White "Neff, Sergei"]
[Black "Ahvenjarvi, Jani"]
[Result "0-1"]
[WhiteElo "2103"]
[BlackElo "2388"]
[Annotator "NA"]
[PlyCount "72"]
[EventDate "2018.??.??"]
[EventType "swiss"]
[EventCountry "EST"]
[SourceTitle "playchess.com"]
[Source "ChessBase"]
[SourceQuality "1"]
[TimeControl "900+5"]

1. Nf3 {[%emt 0:00:00]} d5 {[%emt 0:00:02]} 2. g3 {[%emt 0:00:00]} c6 {[%emt 0:00:02]} 3. Bg2 {[%emt 0:00:02]} Bg4 {[%emt 0:00:02]} 4. O-O {[%emt 0:00:11]} Nd7 {[%emt 0:00:03]} 5. d3 {[%emt 0:00:07]} e5 {[%emt 0:00:02]} 6. h3 {[%emt 0:00:05]} Bh5 {[%emt 0:00:08]} 7. e4 {[%emt 0:00:04]} dxe4 {[%emt 0:00:02]} 8. dxe4 {[%emt 0:00:02]} Ngf6 {[%emt 0:00:03]} 9. Nbd2 {[%emt 0:00:22]} Be7 {[%emt 0:00:03]} 10. Qe2 {[%emt 0:00:36]} O-O {[%emt 0:00:05]} 11. a4 {[%emt 0:01:34]} a5 {[%emt 0:00:09]} 12. Rd1 {[%emt 0:00:46]} Qc7 {[%emt 0:00:02]} 13. Nf1 {[%emt 0:00:15]} Nc5 {[%emt 0:00:11]} 14. g4 {[%emt 0:00:25]} Bg6 {[%emt 0:00:03]} 15. N3d2 {[%emt 0:00:01]} Nfd7 {[%emt 0:00:19]} 16. Ng3 {[%emt 0:00:18]} Bg5 {[%emt 0:00:27]} 17. Nf5 {[%emt 0:02:03]} Ne6 {[%emt 0:00:16]} 18. Nc4 {[%emt 0:00:40]} Bxc1 {[%emt 0:00:15]} 19. Raxc1 {[%emt 0:00:05]} Ndc5 {[%emt 0:00:07]} 20. b3 {[%emt 0:00:45]} Nf4 {[%emt 0:00:15]} 21. Qe3 {[%emt 0:00:15]} Nce6 {[%emt 0:00:06]} 22. Bf1 {[%emt 0:00:50]} Rfd8 {[%emt 0:00:14]} 23. c3 {[%emt 0:01:29]} h5 {[%emt 0:00:20]} 24. Qb6 {[%emt 0:00:25]} Rxd1 {[%emt 0:01:31]} 25. Rxd1 {[%emt 0:00:02]} Qxb6 {[%emt 0:00:07]} 26. Nxb6 {[%emt 0:00:02]} Re8 {[%emt 0:00:02]} 27. b4 {[%emt 0:01:59]} axb4 {[%emt 0:00:14]} 28. cxb4 {[%emt 0:00:02]} Bxf5 {[%emt 0:00:14]} 29. exf5 {[%emt 0:01:07]} Nd4 {[%emt 0:00:05]} 30. a5 {[%emt 0:00:34]} f6 {[%emt 0:00:55]} 31. Nc4 {[%emt 0:00:24]} g6 {[%emt 0:00:25]} 32. fxg6 {[%emt 0:00:05]} hxg4 {[%emt 0:00:02]} 33. hxg4 {[%emt 0:00:03]} Nf3+ {[%emt 0:00:19]} 34. Kh1 {[%emt 0:00:13]} Kg7 {[%emt 0:00:01]} 35. Rd7+ {[%emt 0:00:33]} Kxg6 {[%emt 0:00:02]} 36. Bh3 {[%emt 0:00:01]} Rh8 {[%emt 0:00:10]} 0-1

[Event "27th Keres Memorial 2018"]
[Site "Tallinn"]
[Date "2018.01.13"]
[Round "5"]
[White "Meier, Georg"]
[Black "Kanep, Meelis"]
[Result "1-0"]
[WhiteElo "2660"]
[BlackElo "2487"]
[Annotator "TA"]
[PlyCount "249"]
[EventDate "2018.??.??"]
[EventType "swiss"]
[EventCountry "EST"]
[SourceTitle "playchess.com"]
[Source "ChessBase"]
[SourceQuality "1"]

{[%evp 20,249,22,18,14,18,57,27,82,-27,12,4,84,79,106,0,18,-12,-16,-120,-122,-113,-112,-124,-29,-29,0,0,-4,-11,-4,-15,-14,-40,-2,-8,46,37,54,55,58,105,155,155,155,155,154,154,157,154,154,154,154,154,154,154,154,154,157,151,206,8,181,181,181,181,181,181,236,181,234,0,239,181,181,0,219,181,181,181,181,181,181,181,181,0,181,0,181,181,181,0,181,181,181,181,181,181,181,181,181,181,181,181,181,181,181,181,181,181,181,181,181,181,181,181,181,181,181,181,181,181,181,181,181,181,181,181,234,158,234,220,213,141,141,111,205,111,111,111,111,111,134,119,119,111,111,111,111,111,111,111,111,111,111,111,111,111,111,111,111,111,111,89,96,89,89,89,89,89,89,89,89,89,89,89,89,89,89,89,89,89,89,89,89,89,89,14,32,32,156,14,14,0,0,0,487,338,1132,1106,1729,1700,1600,1308,1268,1196,2001,1543,4939,4614,29972,29970,29965,29963,4231,2312,29967,29970,29983,29984,29984,29985,29987,29988,29988,29989,29992,29990,29995,29996,29997,29998]} 1. Nf3 Nf6 2. g3 d5 3. Bg2 c5 4. O-O e6 5. b3 Nc6 6. Bb2 Be7 7. d4 O-O 8. Nbd2 cxd4 9. Nxd4 Nxd4 10. Bxd4 Bd7 11. c4 Bc6 {D02: 1 d4 d5 2 Nf3 sidelines, including 2...Nf6 3 g3 and 2...Nf6 3 Bf4} 12. Rc1 Qa5 13. a4 $146 ({Predecessor:} 13. Qc2 Rfd8 14. c5 Nd7 15. Nf3 f6 16. Qb2 e5 17. b4 Qa4 18. Bc3 a5 19. bxa5 Nxc5 {½-½ (55) Harikrishna,P (2737)-Georgiadis,N (2496) Biel 2017}) 13... Bb4 (13... Rfd8 $11) 14. Rc2 (14. cxd5 $16 Nxd5 15. Nc4) 14... Rfd8 15. e3 Ne4 (15... Bxd2 $11 16. cxd5 Bxd5 17. Qxd2 Qxd2 18. Rxd2 Bxg2 19. Kxg2 e5) 16. Qg4 $16 {[%csl Gd4][%cal Rg4g7]} Bf8 17. Nf3 ({Reject} 17. Nxe4 $6 dxe4 18. f4 f5 $15) ({White should try} 17. cxd5 $1 $16 f5 18. Qf4 (18. dxc6 fxg4 19. cxb7 Rab8 $11) 18... Qxd5 19. Rfc1) 17... f5 18. Qh4 dxc4 19. Ne5 (19. Rxc4 $11 {remains equal.} Bd5 20. Rcc1) 19... cxb3 $17 20. Nxc6 bxc6 21. Rxc6 Qd5 (21... Qxa4 $17 22. Bxe4 fxe4 23. Rxe6 a5 24. Qxe4 Qc4) 22. Rc7 $1 $11 Rd7 23. Rxd7 Qxd7 24. Bxe4 fxe4 25. Qxe4 Rb8 26. a5 Rb5 27. a6 $1 Ra5 (27... Qd6 $11) 28. Rb1 $14 Rxa6 29. Rxb3 Rc6 $1 30. Rb8 Rc8 31. Rb7 Qc6 32. Qxc6 Rxc6 33. Rxa7 $16 {[%mdl 4096] Endgame KRB-KRB} Rc2 34. Rb7 Ra2 35. g4 Ra4 36. h3 h6 37. Kg2 Ra5 38. f4 g5 39. Be5 Ra3 (39... Bc5 $16) 40. Kf3 $2 (40. Rb8 $18 Ra2+ 41. Kf3) 40... gxf4 $2 (40... Bc5 $11) 41. Bxf4 $18 {Threatens to win with Rb8.} Ra4 42. h4 {[%cal Bh3h4,Bh4h5][%mdl 32]} Ra5 43. h5 Ra4 (43... Bg7 {is a better defense.} 44. Bg3 Bf8) 44. Rd7 Ra1 (44... Bg7 {was worth a try.} 45. Re7 Ra6) 45. Rb7 $2 (45. Rd8 $18 Kf7 46. Rd7+ Kg8 47. Be5) 45... Rf1+ $2 (45... Ra4 $1 $11 {and Black has nothing to worry.}) 46. Ke2 Rg1 47. Kf3 Rf1+ $1 48. Kg2 Rc1 49. Rd7 Rb1 50. Be5 Rb5 51. Bf6 Rb1 52. Be5 Rb5 53. Bf4 Rb1 $1 54. Rc7 Rd1 55. Rb7 $2 ({White should play} 55. Ra7 $18) 55... Ra1 $2 (55... Rc1 $1 $11) 56. Rb5 Kf7 57. Be5 Rd1 58. Bd4 Rc1 59. Rb2 Kg8 60. Ra2 Rb1 61. Ra1 Rb3 62. Kf3 Rb5 63. Ke4 Rg5 64. Rg1 Rb5 65. Rc1 Rg5 66. Kf3 Rb5 67. Rc6 Kf7 68. Rb6 Ra5 69. Rb7+ Kg8 70. Rb8 Kf7 71. Bc3 Ra4 72. Bb2 Rc4 73. Be5 Ra4 (73... Rc6 $142 74. Rb7+ Kg8) 74. Bf4 Ra1 (74... Ra6 $16 {was necessary.} 75. Rb7+ Kg8) 75. Rb7+ $1 Kg8 76. Rb5 Kf7 77. Bg3 Ra4 (77... Rf1+ $16 {might work better.} 78. Kg2 Rc1) 78. Bh4 ({Better is} 78. Rb7+ $1 $18 Kg8 79. Be5) 78... Ra1 $16 79. Rb7+ Kg8 80. Rb2 Ra4 81. Bf6 Rc4 82. Rb3 Rc1 {Hoping for ...Rf1+.} 83. Be5 Rf1+ 84. Kg2 Rc1 85. e4 Re1 86. Kf3 Rf1+ 87. Ke2 Rg1 88. Bg3 Ra1 89. Kf3 Ra4 90. e5 Ra2 91. Bh4 Ra1 92. Bf6 Rf1+ 93. Kg2 Rc1 94. Kf2 Rc2+ 95. Kf3 Rc1 96. Rd3 Rf1+ 97. Kg2 Rb1 98. Rf3 Rb2+ 99. Kh3 Rb1 100. Rc3 Ra1 101. Rc8 {And now Be7 would win.} Kf7 102. Rc7+ Kg8 103. Be7 (103. Rc3 $16) 103... Bg7 104. Bd6 {Re7 is the strong threat.} Re1 (104... Ra5 $14) 105. Re7 (105. Rc8+ $16 Kf7 106. Rc7+ Kg8 107. Rc5) 105... Bxe5 $11 106. Rxe6 Re3+ 107. Kg2 Bd4 $2 {[%mdl 8192]} (107... Rg3+ $1 $11 108. Kh2 Bxd6 109. Rxd6 Rxg4) 108. Rg6+ Kh7 $2 (108... Kf7 109. Bf4 Re2+ 110. Kf3 Rf2+ 111. Kg3 Ra2 112. Bxh6 Ra3+ 113. Kg2 Be5) 109. Bf4 $1 $18 {[%csl LRe3,LRh6]} Re2+ {[#]} 110. Kf3 $1 Rf2+ 111. Kg3 Rc2 112. Rxh6+ Kg7 113. Rd6 Bf2+ 114. Kf3 Bc5 115. Be5+ Kf7 116. Rc6 Rf2+ 117. Ke4 Be7 118. h6 {White mates.} Re2+ 119. Kf5 Rf2+ {[#]} 120. Bf4 $1 Rf1 121. g5 Bxg5 122. Kxg5 Kg8 123. Rc8+ Kh7 124. Rc7+ Kg8 125. h7+ {Precision: White = 64%, Black = 46%.} 1-0

[Event "27th Keres Memorial 2018"]
[Site "Tallinn"]
[Date "2018.01.13"]
[Round "5"]
[White "Potkin, Vladimir"]
[Black "Kovalenko, Igor"]
[Result "1/2-1/2"]
[WhiteElo "2650"]
[BlackElo "2713"]
[Annotator "TA"]
[PlyCount "183"]
[EventDate "2018.??.??"]
[EventType "swiss"]
[EventCountry "EST"]
[SourceTitle "playchess.com"]
[Source "ChessBase"]
[SourceQuality "1"]

{[%evp 12,183,49,40,52,38,43,25,34,25,68,46,55,44,65,57,105,36,40,54,58,14,15,23,16,2,17,17,12,18,13,36,18,20,25,12,21,20,21,12,19,0,112,113,154,131,158,152,158,142,133,134,157,75,167,168,153,161,185,-383,118,89,75,95,98,88,109,108,141,50,59,0,81,1,95,77,110,0,153,145,139,20,29,7,7,7,7,7,514,500,652,631,439,0,0,0,0,-3,-3,-20,-18,-18,-18,-58,-58,-58,-27,-27,-27,-27,-27,-27,0,0,0,0,0,0,0,0,0,0,0,0,0,0,0,0,0,0,0,0,0,0,0,-27,-27,-65,-27,-40,0,0,0,0,0,0,0,0,0,0,0,-4,0,0,0,0,0,0,0,0,0,0,0,0,0,0,0,0,0,0,0,0,0,-29974]} 1. c4 c5 2. Nf3 Nc6 3. Nc3 g6 4. e3 Bg7 5. d4 d6 6. Be2 Bd7 {A35: Symmetrical English: 2 Nc3 Nc6 3 Nf3} (6... f5 7. O-O Nf6 8. d5 Nb4 9. a3 Na6 10. Rb1 O-O 11. b4 Kh8 12. Qb3 b6 13. Bb2 Nc7 14. Rfd1 {1-0 (53) Kramnik,V (2783)-Kamsky,G (2683) Sochi 2015}) 7. O-O {LiveBook: 4 Games} a6 8. b3 $146 ({Predecessor:} 8. d5 Na5 9. e4 Nf6 10. e5 dxe5 11. Nxe5 O-O 12. Be3 Qc7 13. Bf4 Qb6 14. Qc1 {1-0 (32) Damljanovic,B (2570)-Sion Castro,M (2385) La Coruna 1993}) 8... Nf6 {White is slightly better.} 9. Bb2 O-O 10. Qd2 b6 11. Rfd1 Rb8 12. h3 Bf5 13. Rac1 Qc8 14. Nd5 ({Better is} 14. d5 $16 Na5 15. Re1) 14... Ne4 $14 15. Qe1 Re8 16. Bd3 e6 17. Nf4 cxd4 18. exd4 Bh6 19. Bxe4 {Threatens to win with g3.} Bxf4 20. Rc2 d5 21. Bxf5 exf5 22. Qc3 a5 23. a3 f6 24. b4 axb4 25. axb4 Qd7 26. Qb3 Kg7 (26... Qf7 $1 $11) 27. cxd5 $16 Ne7 28. d6 $1 {[%cal Rd6e7]} Bxd6 29. d5 $1 Rbc8 30. Re2 Ng8 31. Re6 b5 32. Rde1 (32. Nd4 $142) 32... Rf8 (32... Rxe6 $16 33. dxe6 (33. Rxe6 Rc4 $11) 33... Qe7) 33. Nd4 $1 $18 Rc4 34. Nc6 Rf7 35. Qd3 $4 {[%mdl 8192]} (35. Ra1 $18 {avoids the disaster.}) 35... Bxb4 $2 (35... Rxc6 $1 $19 36. g4 (36. dxc6 $2 Bh2+ 37. Kxh2 Qxd3 $19) 36... fxg4 $1 {[%mdl 512]} 37. hxg4 (37. dxc6 $2 Bh2+ 38. Kxh2 Qxd3 $19) 37... Bxb4 38. Rxc6 Bxe1) 36. Nxb4 Rxb4 37. Ba3 Ra4 38. d6 $1 {[%mdl 1024] White has strong compensation.} b4 39. Bb2 $1 Ra2 40. Bd4 (40. Qd4 $16) 40... Ra5 41. Qb3 ({White should play} 41. Qd2 $14) 41... Rb5 (41... Qa4 $11 {keeps the balance.} 42. Qf3 Qb5) 42. g3 (42. Be3 $16) 42... Rb7 (42... Qc6 $11) 43. h4 $16 h5 {[#]} 44. Bc5 ({White should try} 44. Bxf6+ $1 $16 {[%mdl 512]} Rxf6 45. Rxf6 Nxf6 46. Re7+ Qxe7 47. dxe7) 44... Nh6 $2 (44... f4 $11) 45. Re7 $36 {[%mdl 2048] White has strong initiative.} ({Worse is} 45. Bxb4 Qb5 $15) 45... Qc6 46. Be3 ({But not} 46. Bxb4 f4 $16) (46. Qc4 $1 $16 {Hoping for d7.} Kh7 47. R1e6) 46... Rfxe7 $11 47. Bxh6+ Kxh6 48. dxe7 {[%mdl 4096] Endgame KQR-KQR} Qe8 49. Qe6 Kg7 $2 {[%mdl 8192]} (49... b3 $1 $11 {and Black stays safe.}) 50. Qd6 $1 $18 Rb5 51. Qd8 Kf7 {[#]} 52. Qd3 $2 ({Only move:} 52. Re6 $1 $18 {[%cal Re6f6][%mdl 512] White threatens Rxf6+! and mate.} Rb8 (52... Kxe6 53. Qxe8) 53. Qd6) 52... Re5 $11 53. Qc4+ Kxe7 54. Qxb4+ Kf7 55. Qb7+ Qe7 (55... Kg8 {looks sharper.} 56. Rb1 Re1+ 57. Kh2 Rxb1 58. Qxb1 Qd7) 56. Qxe7+ Kxe7 {KR-KR} 57. Ra1 {[#]} f4 $1 {[%mdl 512]} 58. Kg2 (58. gxf4 Re4) 58... Rf5 59. Ra7+ Ke6 60. Ra6+ Kf7 61. Ra7+ Ke6 62. Ra6+ Ke5 63. Ra5+ Ke4 64. Ra4+ Kd3 65. Ra3+ Kd2 66. Ra2+ Kc3 67. Ra3+ Kd2 68. Ra2+ Kd3 69. Ra3+ Kd4 70. Ra4+ Ke5 71. Ra5+ Ke6 72. Ra6+ Kf7 73. Ra7+ Kf8 74. Rb7 Kg8 75. Ra7 g5 (75... fxg3 {seems wilder.} 76. Ra8+ Kf7 77. Ra7+ Ke6 78. Ra6+ Ke7) 76. hxg5 {The position is equal.} fxg5 77. gxf4 Rxf4 78. Ra5 Rg4+ 79. Kf3 Rg1 80. Ke4 h4 {And now ...h3 would win.} 81. Ra3 g4 {...h3 is the strong threat.} 82. Ra5 Kf7 83. Rh5 h3 84. Kf5 Rg2 85. Rh7+ Kg8 86. Rh4 h2 87. Rh5 Kg7 88. Rh4 Kf8 89. Rh7 Kg8 90. Rh4 Kg7 91. Rh5 Kg8 92. Ke4 $2 {[%mdl 40960] Precision: White = 53%, Black = 44%. . An unexpected result.} (92. Rh4 $11) 1/2-1/2

[Event "27th Keres Memorial 2018"]
[Site "Tallinn"]
[Date "2018.01.13"]
[Round "5"]
[White "Chigaev, Maksim"]
[Black "Fridman, Daniel"]
[Result "1-0"]
[WhiteElo "2639"]
[BlackElo "2671"]
[Annotator "TA"]
[PlyCount "77"]
[EventDate "2018.??.??"]
[EventType "swiss"]
[EventCountry "EST"]
[SourceTitle "playchess.com"]
[Source "ChessBase"]
[SourceQuality "1"]

{[%evp 15,77,32,27,-33,-29,-28,-22,-40,-34,-57,-46,-52,-55,-156,-147,-112,-117,-119,-129,-175,-162,-147,-158,-176,0,0,179,186,277,274,247,239,314,316,306,296,709,356,1039,1035,1035,1019,1010,876,883,883,991,985,961,960,982,967,1071,850,1045,0,1045,983,1305,743,29997,809,29997,29972]} 1. e4 e5 2. Nf3 Nf6 3. Nxe5 d6 4. Nf3 Nxe4 5. d4 d5 6. Bd3 Nc6 {[%cal Bb8c6,Bc6d4,Bd4c2][%mdl 32]} 7. O-O Bg4 8. c4 Nf6 {LiveBook: 123 Games. C42: Petroff Defence: 3 Nxe5 and unusual White 3rd moves} 9. h3 (9. cxd5 $11 Nxd5 10. Nc3) (9. Nc3 Be7 10. cxd5 Nxd5 11. h3 Be6 12. Re1 O-O 13. a3 Re8 14. Bc2 Bf6 15. Qd3 g6 16. Bh6 Nxc3 17. bxc3 Bf5 18. Rxe8+ Qxe8 19. Qd2 Bxc2 20. Qxc2 Qd7 21. Re1 {½-½ (35) Stevic,H (2616)-Fridman,D (2626) Heraklio 2017}) 9... Bxf3 $15 10. Qxf3 Nxd4 {Black has an edge.} 11. Re1+ Be7 $1 12. Qg3 dxc4 $146 ({Predecessor:} 12... Ne6 13. Nc3 d4 14. Nb5 c6 15. Rxe6 fxe6 16. Nc7+ Kf7 17. Nxa8 Qxa8 {½-½ (71) Schwarz,D (2284)-Tepper,F (2164) Slovakia 2007}) 13. Bxc4 O-O $1 $36 {[%mdl 2048] Black is pushing.} 14. Nc3 (14. Qd3 $15) 14... Nc2 $1 $17 {And now ...Bd6 would win.} 15. Bh6 {[%csl Gh6][%cal Rg3g7]} Nh5 16. Qg4 {Hoping for Rad1.} Nxa1 17. Nd5 Bf6 $1 18. Qxh5 {[#] Strongly threatening Bf4.} c6 $1 {[%cal Rc6d5]} 19. Ne3 b5 $2 ({Much less strong is} 19... Bxb2 20. Nf5 $15) (19... gxh6 $19 20. Rxa1 Bg7) 20. Rd1 $11 bxc4 $2 (20... Qe7 $11 {and Black has nothing to worry.} 21. Bd3 Qe5) 21. Rxd8 $18 Rfxd8 (21... Raxd8 $142 22. Bg5 g6) 22. Bg5 {Black must now prevent Bxf6.} g6 {[#]} 23. Qh4 $1 {[%mdl 1024] White has strong compensation.} Rd4 24. Ng4 Bg7 25. Bf6 Rd1+ 26. Kh2 h5 $2 (26... Rd6 27. Bxg7 Kxg7 28. Qh6+ Kg8) 27. Bxg7 Kxg7 28. Qf6+ Kg8 29. Nh6+ Kh7 30. Nxf7 Rd7 31. Ng5+ Kh6 32. Qxc6 Rad8 33. Qf6 Rc8 34. Nf7+ Kh7 35. Ng5+ Kh6 36. Ne6 Rb7 37. Nf8 {[%csl Gf8][%cal Rf6g6]} Rg7 38. h4 (38. Qf4+ $142 g5 39. Qf6+ Rg6 40. Qxg6#) 38... Rc5 39. Ne6 {Precision: White = 48%, Black = 48%.} 1-0

[Event "27th Keres Memorial 2018"]
[Site "Tallinn"]
[Date "2018.01.13"]
[Round "5"]
[White "Meskovs, Nikita"]
[Black "Vorobjov, Pavel"]
[Result "1-0"]
[WhiteElo "2577"]
[BlackElo "2281"]
[Annotator "TA"]
[PlyCount "111"]
[EventDate "2018.??.??"]
[EventType "swiss"]
[EventCountry "EST"]
[SourceTitle "playchess.com"]
[Source "ChessBase"]
[SourceQuality "1"]

{[%evp 24,111,33,21,54,54,52,58,70,57,72,62,56,41,49,50,64,62,59,62,128,5,7,14,17,12,11,0,0,0,17,0,26,28,44,44,44,38,38,12,12,0,43,51,53,42,47,35,47,36,49,0,0,0,41,41,66,43,35,35,497,165,159,169,173,174,165,153,751,696,12838,12837,12838,12839,29987,29988,29988,29989,29989,29990,29990,29991,29991,29988,29988,29989,29989,29990,29988,29989]} 1. d4 d5 2. c4 c6 3. Nf3 Nf6 4. Nc3 e6 5. Bg5 Nbd7 6. e3 Be7 7. Bd3 O-O 8. O-O dxc4 9. Bxc4 Nd5 10. Bxe7 Qxe7 11. Rc1 Nxc3 12. Rxc3 e5 13. d5 {LiveBook: 4 Games} cxd5 {D68: Queen's Gambit Declined: Classical Main Line with 9...Nd5 and 12...e5} (13... e4 14. Nd2 cxd5 15. Bxd5 Nf6 16. Bc4 Bf5 17. Nb3 Rad8 18. Nd4 Qe5 19. Be2 g6 20. Qb3 Bg4 21. Qxb7 Bxe2 22. Nxe2 {½-½ (55) Maximov,D (2400)-Malinin,V (2521) Zaporozhye 2004}) 14. Qxd5 e4 15. Nd4 Nf6 {White is slightly better.} 16. Qg5 h6 17. Qg3 Bd7 $146 ({Predecessor:} 17... Nh5 18. Qg6 Nf6 19. Bb3 Kh8 20. Qg3 Ne8 21. Rfc1 {½-½ (30) Combe,R-Nielsen,J Folkestone 1933}) 18. Rfc1 Rfc8 19. Bb3 Rxc3 20. Rxc3 ({Don't play} 20. bxc3 Rc8 $11) 20... Ne8 21. h3 Rc8 (21... a6 $14) 22. Bd5 (22. Rxc8 $16 Bxc8 23. Qb8) 22... Rxc3 $11 23. bxc3 {Black should prevent Qb8.} Nd6 $1 24. c4 b6 25. Qf4 Kh7 26. h4 g6 27. g4 Kg7 28. g5 $36 {[%mdl 2048] White is pushing.} h5 29. Nb3 Bg4 30. Nd2 {[%cal Rd5e4]} Bf5 31. Nf1 Bg4 32. Nd2 {[%cal Rd5e4]} Bf5 33. Kh2 Kg8 34. Kg3 Kg7 35. Nb3 Bg4 36. Nd4 Bd7 37. f3 exf3 38. e4 a5 39. Nxf3 Be6 {[#]} 40. Qf6+ $1 {[%mdl 512]} Qxf6 41. gxf6+ $14 {[%mdl 4096] Endgame KBN-KBN} Kf8 $2 {[%mdl 8192]} ({Black should play} 41... Kxf6 $14 42. e5+ Ke7) 42. Kf4 $2 (42. Ng5 Bxd5 43. cxd5) 42... Nxc4 $18 43. Bxe6 fxe6 {KN-KN} 44. e5 {Threatens to win with Ng5.} Nb2 45. Kg5 Nd3 $2 (45... Kf7 $16) 46. Kxg6 b5 {[#] intending ...Nf4+.} 47. f7 $1 ({Not} 47. Kxh5 a4 $16) 47... Nf4+ 48. Kf6 b4 49. Ng5 {[%cal Rg5h7] White mates.} Nd5+ 50. Kxe6 Nf4+ 51. Kd6 a4 52. e6 Ng6 53. Nh7+ Kg7 {[#]} 54. f8=Q+ $1 {[%mdl 512]} Nxf8 55. e7 Nxh7 56. e8=Q {Precision: White = 54%, Black = 48%.} 1-0

[Event "27th Keres Memorial 2018"]
[Site "Tallinn"]
[Date "2018.01.13"]
[Round "5"]
[White "Ehlvest, Jaan"]
[Black "Valner, Uku"]
[Result "1-0"]
[WhiteElo "2549"]
[BlackElo "2267"]
[Annotator "TA"]
[PlyCount "111"]
[EventDate "2018.??.??"]
[EventType "swiss"]
[EventCountry "EST"]
[SourceTitle "playchess.com"]
[Source "ChessBase"]
[SourceQuality "1"]

{[%evp 25,111,80,79,11,25,-12,-10,-13,-9,-28,-35,-41,-26,-247,-250,-247,-255,-268,-252,-246,-183,-246,-236,-332,-188,-159,-140,-270,-272,-251,-145,-146,-114,-133,-70,-48,95,95,90,52,45,39,98,-21,-23,-169,-98,-111,-21,-178,-8,-133,-139,-501,-513,-418,-308,-270,-252,-266,-258,-337,-269,-732,-23,-31,-31,-30,-37,-125,-111,-184,0,0,0,-96,0,-156,29994,-432,-417,-437,-436,-1079,0,0,7547,7547]} 1. c4 e6 2. g3 Nf6 3. Bg2 d5 4. Nf3 Be7 5. O-O O-O 6. d4 c6 7. Nc3 Nbd7 8. Qd3 b6 9. e4 Ba6 10. b3 Rc8 11. Rd1 b5 {E07: Katalanisch} (11... dxe4 12. Nxe4 b5 13. Ned2 bxc4 14. Nxc4 c5 15. Bb2 cxd4 16. Nxd4 Ne5 17. Qe3 Nxc4 18. bxc4 Qb6 19. Rab1 Rxc4 20. Ba3 {½-½ (20) Vitiugov,N (2724)-Fedoseev,V (2658) Moscow 2017}) 12. cxd5 cxd5 13. e5 Ne8 {[%cal Bf6e8,Be8c7,Bc7b5,Bb5c3][%mdl 32] LiveBook: 5 Partien. Weiß steht besser.} 14. Ne2 (14. a3 $16) 14... Nc7 15. Nf4 $146 ({Vorgänger:} 15. Qd2 b4 16. a4 bxa3 17. Bxa3 Bxa3 18. Rxa3 Bxe2 19. Qxe2 {1-0 (30) Ulybin,M (2500)-Golovachov,S Prague 1990}) 15... b4 16. Qe3 Nb5 17. Nh5 Nc3 18. Re1 Ne4 19. Nxg7 $2 (19. Qf4 $11 {und Weiss muss sich keine Sorgen machen.}) 19... Kxg7 $19 20. Qh6+ Kh8 21. a3 Rg8 22. axb4 Rc6 (22... Bxb4 23. Rxa6 Bxe1 24. Nxe1 $11) 23. b5 (23. Bf4 $142) 23... Bxb5 {Droht stark ...Lb4.} 24. Rxa7 (24. Be3 {ist wohl besser.}) 24... Ra6 (24... Bb4 $142 25. Qf4 Bxe1 26. Nxe1 Qb6) 25. Rxa6 Bxa6 26. h4 (26. Qh5 $17) 26... Qa5 27. Be3 Bd3 (27... Rg6 $19 28. Qh5 Qa2) 28. Rc1 $17 Qb6 29. Qh5 Rg7 (29... Rg6 $1 $17 30. Rc8+ Bf8) 30. Bh6 $15 Qb7 (30... Rg6 $15 31. Rc8+ Bf8 $1 {[%mdl 512]}) 31. Bxg7+ Kxg7 32. Qg4+ Kf8 $1 33. Ne1 Bb5 ({Lieber} 33... Ba6 $1 $14) 34. h5 (34. Qf4 $16) 34... h6 $11 35. Bf1 (35. Qd1 $11 {und Weiss steht sicher.}) 35... Bxf1 (35... Bg5 $1 $19 {[%cal Rg5c1]} 36. f4 Nxe5 $1 {[%mdl 512]}) 36. Kxf1 $17 Nb8 (36... Bg5 $1 $17 {[%cal Rg5c1]} 37. f4 Qb4 38. Rc8+ (38. fxg5 $2 Qxd4 39. Rc2 Nd2+ 40. Rxd2 Qxg4 $19) 38... Ke7) 37. Nd3 $2 (37. Nf3 $11) 37... Qa6 $2 (37... Nc6 $19 {Weiss muss nun ...Lg5 beachten.} 38. Kg2 Nxd4) 38. Qe2 (38. Kg2 $1 $11 {war der einzige Weg, das Gleichgewicht zu behalten.}) 38... Nc6 {[%mdl 1024] Schwarz hat starke Kompensation.} 39. Qe3 $2 {[%mdl 8192]} (39. Nf4 $17 Qb6 40. Qe3) 39... Nb4 $19 40. Rd1 Kg7 41. Kg2 Nc2 $1 {[%cal Rc2e3]} 42. Qf4 Bg5 43. Qg4 Kf8 ({Auf keinen Fall} 43... Nxd4 44. Nc5 $19) 44. Nc5 $2 {[#]} (44. Qe2 Nxd4 45. Qb2) 44... Nxc5 $2 (44... Ne3+ $1 $19 {[%mdl 512]} 45. Kg1 (45. fxe3 Qa2+) 45... Nxc5) 45. dxc5 $11 Qa2 46. Kh3 $1 Qxb3 47. Qe2 ({Besser ist} 47. c6 $1 $15 Qb6 48. Qe2 Qxc6 49. f4) 47... Nb4 $1 $36 {[%mdl 2048] Schwarz hat starke Initiative.} 48. Ra1 {[#]} (48. c6 $17 {kämpft weiter.} Nxc6 49. f4 $1 {[%mdl 512]} Bxf4 50. Rd3) 48... Qc3 $2 (48... Nd3 $1 $19 {[%cal Rd3f4]} 49. Kg2 Nxc5) 49. Ra8+ $11 Kg7 50. Rc8 (50. Qb5 $1 $11 Qe1 51. Qb8 Qh1+ 52. Kg4 Qe4+ 53. Kh3 Qh1+ 54. Kg4 Qe4+ 55. Kh3 Qh1+) 50... d4 (50... Nd3 $17 {( -> ...Sf4+)} 51. Kg2 Ne1+ 52. Kf1 Nf3) 51. Qe4 $2 (51. Qb5 $1 $11 Qe1 52. Qe8 Qh1+ 53. Kg4 Qe4+ 54. Kh3 Qh1+ 55. Kg4 Qe4+ 56. Kh3 Qh1+) 51... d3 $2 (51... Nd5 $17 52. Rb8 Qc1) 52. Qa8 $4 {[%mdl 8192]} (52. Rc7 {nur so kann Weiss gewinnen.} Be7 53. Qg4+ Bg5 54. Qxe6 Be7 55. Rxe7 Qxc5 56. Qxf7+ Kh8 57. Qh7#) 52... Qxe5 $19 {...d2 ist eine echte Drohung.} 53. Rg8+ Kh7 {zielt auf ...d2 ab.} 54. f4 (54. Rf8 $142 Qg7 55. Rb8) 54... Bxf4 $2 (54... Qf5+ $19 55. g4 Qxf4 56. Rh8+ Kg7 57. Rg8+ Kf6 58. Qa1+ e5) 55. gxf4 $11 Qe3+ $2 {[%mdl 8192]} ({Jedoch nicht} 55... Qxf4 $2 56. Rh8+ Kg7 57. Qf8+ Kf6 58. Rxh6+ Qxh6 59. Qxh6+ $18) (55... Qxh5+ $11 56. Kg3 Qxc5) 56. Rg3 {Precision: Weiß = 17%, Schwarz = 38%.} 1-0

[Event "27th Keres Memorial 2018"]
[Site "Tallinn"]
[Date "2018.01.13"]
[Round "5"]
[White "Stupak, Kirill"]
[Black "Alekseev, Evgeny"]
[Result "1/2-1/2"]
[WhiteElo "2527"]
[BlackElo "2697"]
[Annotator "TA"]
[PlyCount "32"]
[EventDate "2018.??.??"]
[EventType "swiss"]
[EventCountry "EST"]
[SourceTitle "playchess.com"]
[Source "ChessBase"]
[SourceQuality "1"]

{[%evp 14,32,0,0,0,0,3,0,0,0,0,0,0,0,0,0,0,0,0,0,0]} 1. d4 Nf6 2. c4 e6 3. g3 c5 4. Nf3 cxd4 5. Nxd4 Qc7 6. Bg2 Qxc4 7. Nc3 a6 8. Bf4 {Threatens to win with Rc1.The position is equal.} Nc6 {A32: Symmetrical English: 2 Nf3 Nf6 3 d4 cxd4 4 Nxd4 e6} 9. Nb3 d5 10. O-O Be7 11. a3 {And now Rc1 would win.} a5 12. Rc1 {[#] Hoping for Nxd5.} Qa6 $1 13. a4 O-O 14. Nb5 $1 {[#]} Qb6 $146 15. Bc7 Qa6 16. Bf4 Qb6 1/2-1/2